Disney Channel History Quiz Stats

Quiz not verified by Sporcle

Challenge
Share
Tweet
Embed
Score 0/43 Timer 07:00
0 Plays Today
Premiere Date TV Series % Correct
2003That's So Raven
76.1%
2006Hannah Montana
71.8%
2010Good Luck Charlie
71.8%
2007Wizards of Waverly Place
67.6%
2005The Suite Life of Zack and Cody
60.6%
2001Lizzie McGuire
59.2%
2008The Suite Life on Deck
56.3%
2011A.N.T. Farm
54.9%
2010Shake It Up!
53.5%
2002Kim Possible
52.1%
2007Cory in the House
52.1%
2007Phineas and Ferb
50.7%
2000Even Stevens
49.3%
2011Jessie
49.3%
2004Phil of the Future
47.9%
2009Sonny with a Chance
47.9%
2010Fish Hooks
43.7%
2012Dog With a Blog
43.7%
2011Austin & Ally
40.8%
2001The Proud Family
39.4%
2011So Random!
33.8%
2012Gravity Falls
33.8%
Premiere Date TV Series % Correct
2004Brandy and Mr. Whiskers
23.9%
2006The Replacements
21.1%
2009JONAS L.A.
21.1%
2006The Emperor's New School
18.3%
1999So Weird
16.9%
2004Dave the Barbarian
16.9%
2005American Dragon: Jake Long
16.9%
1999The Jersey
15.5%
2001Totally Hoops
14.1%
1996Flash Forward
11.3%
2011PrankStars
11.3%
2001House of Mouse
7%
1995Timon & Pumbaa
5.6%
2000In a Heartbeat
5.6%
1998Mad Libs
4.2%
2002Totally in Tune
4.2%
2012 Code: 9
4.2%
1997Going Wild With Jeff Corwin
2.8%
2003Lilo & Stich: The Series
2.8%
1998Off The Wall
1.4%
1996Spellbinder
0%

You're not logged in!

Compare scores with friends on all Sporcle quizzes.
Join for Free
OR
Log In

You Might Also Like...

Show Comments

Extras

Top Quizzes Today


Score Distribution

Your Account Isn't Verified!

In order to create a playlist on Sporcle, you need to verify the email address you used during registration. Go to your Sporcle Settings to finish the process.

Report this User

Report this user for behavior that violates our Community Guidelines.

Details: